1370 1612 1727 1631 1238 1662 1796 1007 1627 1775 1941 1057 1024 1240 1208 1284 1687 1319 1987 1669 1282 1801 1263 1613 1740 1952 1782 1317 1463 1806 1637 1250 1987 1737 1520 1198 1736 1880 1807 1889 1880 1226 1850 1468 1100 1984 1364 1060 1804 1324 1202 1126 1520 1938 1498 1873 1667 1040 1643 1829 1782 1481 1046 1496 1338 1175 1342 1479 1307 1188 1243 1184 1160 1427 1732 1546 1067 1660 1568 1965 1977 1447 1441 1180 1343 1553 1429 1497 1962 1392 1179 1206 1966 1361 1021 1440 1466 1316 1814 BCNSPRNW ULIB Ver.6.0+V

เปลี่ยนเป็นภาษาไทย

Change to English
 แสดงรายละเอียดบรรณานุกรม
  กลับหน้าหลัก

Brief Record : Get Marc (ISO 2709) : E-mail record : QR code < ปิดหน้าต่าง
LEADER : 00000nam 2200000uu 4500
001    13399127751
003     ULIB
008    210518s2557||||th 000 0 tha d
020    ู^a9786163693815
050    ^aนว^bซ119ม^cล.11
100    ^aซ็อลบง
245    ^aมหากาพย์เทพมรณะ เล่ม 11
250    ^aพิมพ์ครั้งที่ 1
260    ^aกรุงเทพฯ :^bสยามอินเตอร์บุ๊คส์,^c2557
300    ^a206 หน้า;^b21 ซม.
650    ^aนวนิยาย
945    ^p200^l0^i008062
999    ^aประนอม เกษจรัล
รายการนี้ยังไม่มีแท็ก
คุณยังไม่ได้ล็อกอิน คุณสามารถมีกิจกรรมร่วมกับเว็บไซต์ได้ แต่ต้องล็อกอินก่อน ::
  ล็อกอิน

รายการสื่อสารสนเทศ

ลำดับที่ ประเภท เลขเรียก/บาร์โค้ด สถานที่ สถานะ
1. นวนิยาย
นวนิยาย
นว ซ119ม ล.11 ฉ.1 
  Barcode: 008062
ห้องสมุดวิทยาเขตนครสวรรค์
►นวนิยาย:l:Fiction
บนชั้น
Note:บริจาค

รายการใกล้เคียง
    ผู้แต่ง [ซ็อลบง]

    หัวเรื่อง [นวนิยาย]

BibComment


ยังไม่เคยถูกคอมเมนท์

คอมเมนท์ทรัพยากรรายการนี้
  คอมเมนท์: มหากาพย์เทพมรณะ ..


 Copyright 2026. Bcnsprnw @Library